000 00378nam a22001217a 4500
999 _c10316
_d10316
003 OSt
008 201217b ||||| |||| 00| 0 eng d
245 _aInternational Journal of Information Technology and Engineering
250 _a2011(Jan-Jun Vol.2 No.1, Jul-Dec Vol.2 No.2)
260 _aNew Delhi
_bResearch Science Press
650 _aInformation Technology
942 _2ddc
_cBV